000 00343nam a2200145Ia 4500
003 SGT
082 _a651.74,SHU
100 _aSHUKLA,PREETI
245 _aBUSINESS COMMUNICATION
260 _bSHREE MAHAVIR BOOK DEPOT
_aNEW DELHI
_c2010
300 _a199p.
650 _aOFFICE COMMUNICATION, ENGLISH
700 _aShukla,RMS
942 _2ddc
_cFCM
999 _c6334
_d6334